Statistics for Top 5 Formula One Drivers Starting With 'J'

Click here to take the quiz!

General Stats

  • This quiz has been taken 33 times
  • The average score is 3 of 5

Answer Stats

Lp.NationalityCareerDriver% Correct
1Australia1975-1986Alan Jones
90%
2French1974-1981Jean-Pierre Jabouille
79%
3Swedish1980-1991Stefan Johansson
59%
4French1971-1983Jean-Pierre Jarier
52%
5American1952-1960Eddie Johnson
17%

Score Distribution

Percentile by Number Answered

Percent of People with Each Score

Your Score History

You have not taken this quiz